Craeft : (Record no. 607967)

000 -LEADER
fixed length control field 01497cam a22003494i 4500
001 - CONTROL NUMBER
control field 20047947
003 - CONTROL NUMBER IDENTIFIER
control field OSt
005 - DATE AND TIME OF LATEST TRANSACTION
control field 20240221104333.0
008 - FIXED-LENGTH DATA ELEMENTS--GENERAL INFORMATION
fixed length control field 171005s2017 nyua 001 0 eng
010 ## - LIBRARY OF CONGRESS CONTROL NUMBER
LC control number 2017047723
020 ## - INTERNATIONAL STANDARD BOOK NUMBER
International Standard Book Number 9780571324408 (hardcover)
040 ## - CATALOGING SOURCE
Original cataloging agency DLC
Language of cataloging eng
Transcribing agency DLC
Description conventions rda
Modifying agency DLC
042 ## - AUTHENTICATION CODE
Authentication code pcc
043 ## - GEOGRAPHIC AREA CODE
Geographic area code e------
050 00 - LIBRARY OF CONGRESS CALL NUMBER
Classification number GN575
Item number .L256 2017
082 00 - DEWEY DECIMAL CLASSIFICATION NUMBER
Classification number 306.46094
Edition number 23
Author Mark LAN
100 1# - MAIN ENTRY--PERSONAL NAME
Personal name Langlands, Alex,
Relator term author.
9 (RLIN) 120997
245 10 - TITLE STATEMENT
Title Craeft :
Remainder of title an inquiry into the origins and true meaning of traditional crafts /
Statement of responsibility, etc. Alexander Langlands.
246 3# - VARYING FORM OF TITLE
Title proper/short title Craft
260 ## - PUBLICATION, DISTRIBUTION, ETC.
Place of publication, distribution, etc. London:
Name of publisher, distributor, etc. Faber & Faber;
Date of publication, distribution, etc. 2017.
300 ## - PHYSICAL DESCRIPTION
Extent 344 pages :
Other physical details illustrations ;
Dimensions 24 cm
500 ## - GENERAL NOTE
General note Includes index.
505 0# - FORMATTED CONTENTS NOTE
Formatted contents note Defining cræft -- Making hay -- Sticks and stones -- Grenja'arsta'ur -- The skep-making beekeeper -- Taming the wilds -- Weft and warp -- Under thatch -- The shoe and the harness -- Seed and sward -- The oxna mere -- Fire and earth -- The craft of digging -- Baskets and boats.
650 #0 - SUBJECT ADDED ENTRY--TOPICAL TERM
Topical term or geographic name entry element Material culture
Geographic subdivision Europe
General subdivision History.
9 (RLIN) 120998
650 #0 - SUBJECT ADDED ENTRY--TOPICAL TERM
Topical term or geographic name entry element Artisans
Geographic subdivision Europe
General subdivision History.
9 (RLIN) 120999
650 #0 - SUBJECT ADDED ENTRY--TOPICAL TERM
Topical term or geographic name entry element Handicraft industries
Geographic subdivision Europe
General subdivision History.
9 (RLIN) 121000
650 #0 - SUBJECT ADDED ENTRY--TOPICAL TERM
Topical term or geographic name entry element Antiquities, Prehistoric
Geographic subdivision Europe.
9 (RLIN) 121001
906 ## - LOCAL DATA ELEMENT F, LDF (RLIN)
a 7
b cbc
c orignew
d 1
e ecip
f 20
g y-gencatlg
942 ## - ADDED ENTRY ELEMENTS (KOHA)
Source of classification or shelving scheme
Koha item type Book
Institution code [OBSOLETE] SADA
Call number prefix 306.46094 LAN 2017
Holdings
Withdrawn status Lost status Source of classification or shelving scheme Damaged status Not for loan Permanent Location Current Location Date acquired Source of acquisition Total Checkouts Full call number Barcode Date last seen Cost, replacement price Price effective from Koha item type
          School of Art Design and Architecture (SADA) School of Art Design and Architecture (SADA) 10/02/2020 Golden Books   306.46094 LAN 2017 SADA0002845 02/21/2024 3676.64 02/21/2024 Book
© 2023 Central Library, National University of Sciences and Technology. All Rights Reserved.